00495 2200193 4500001002100000005001500021035002000036245002600056100001600082250000600098300002900104260004300133082001400176084002000190020002200210008004100232650002000273990000800293INLIS00000000000024720241001115610 a0010-03190000641 aTuilet /cOben Cedric0 aOben Cedric a1 a148 hlm :bilus ;c20 cm aJogjakarta :bGradien Mediatama,c2009 a899.221'3 a899.221'3 OBE t a978-602-8260-23-7241001 0  4aFiksi Indonesia a642